[Event "FRM-chT 31st"]
[Site "Ohrid"]
[Date "2023.09.01"]
[Round "7.5"]
[White "Stojcevski, Zoran"]
[Black "Karemani, Zemri"]
[Result "1-0"]
[WhiteElo "2368"]
[BlackElo "1750"]
[PlyCount "79"]
[EventDate "2023.08.26"]
[EventType "team-tourn"]
[EventRounds "7"]
[EventCountry "MKD"]
[SourceTitle "CBM 216 Extra"]
[Source "ChessBase"]
[SourceDate "2023.11.30"]
[SourceVersion "1"]
[SourceVersionDate "2023.11.30"]
[SourceQuality "1"]
[WhiteTeam "Skopje Gambit Asseco"]
[BlackTeam "Shipkovica Anpasan"]
[WhiteTeamCountry "MKD"]
[BlackTeamCountry "MKD"]

1. e4 e5 2. Bc4 Nc6 3. Nc3 d6 4. d3 Be6 5. Nge2 Nge7 6. 0-0 g6 7. f4 Bxc4 8. dxc4 exf4 9. Bxf4 Bg7 10. Bg5 0-0 11. Nd5 h6 12. Bf6 Qd7 13. Nec3 Rac8 14. Qd2 Kh7 15. Rf4 Ng8 16. Bxg7 Kxg7 17. Raf1 f6 18. Qf2 Qe6 19. b3 a6 20. Qg3 Rf7 21. Rf5 Kh7 22. Nf4 Qe8 23. Qxg6+ Kh8 24. Qg3 Rg7 25. Qh3 Qd7 26. Nh5 Rg6 27. Nd5 Rf8 28. Ndf4 Qh7 29. Nxg6+ Qxg6 30. Qg3 Kh7 31. Qxg6+ Kxg6 32. Nf4+ Kg7 33. Ne6+ Kf7 34. Nxf8 Kxf8 35. Rxf6+ Nxf6 36. Rxf6+ Kg7 37. Rf2 a5 38. a4 Nd4 39. Kf1 Ne6 40. Ke2 1-0

[Event "Titled Tuesday intern op 24th Nov"]
[Site "Chess.com INT"]
[Date "2020.11.24"]
[Round "5"]
[White "Ochedzan, Tymon"]
[Black "Stojcevski, Zoran"]
[Result "1-0"]
[WhiteElo "2246"]
[BlackElo "2365"]
[PlyCount "129"]
[EventDate "2020.11.24"]
[EventType "swiss (blitz)"]
[EventRounds "11"]
[EventCountry "USA"]
[SourceTitle "CBM 199 Extra"]
[Source "ChessBase"]
[SourceDate "2021.01.31"]
[SourceVersion "1"]
[SourceVersionDate "2021.01.31"]
[SourceQuality "1"]

1. e4 e5 2. Nf3 Nc6 3. Bb5 Bc5 4. 0-0 Qf6 5. c3 Nge7 6. Re1 h6 7. d4 Bb6 8. Be3 0-0 9. Na3 d6 10. Nc4 Ng6 11. h3 Nce7 12. Qd2 Bxh3 13. Nfxe5 dxe5 14. gxh3 c6 15. Ba4 Nh4 16. Nxe5 Neg6 17. Qe2 Nxe5 18. dxe5 Qxe5 19. Qg4 Qf6 20. Kh1 Qf3+ 21. Qxf3 Nxf3 22. Re2 Rfe8 23. Bc2 Rad8 24. Bxb6 axb6 25. Rd1 Rxd1+ 26. Bxd1 f5 27. exf5 Rxe2 28. Bxe2 Ne5 29. Kg2 Kf7 30. Kg3 Kf6 31. Kf4 Nf7 32. Bc4 Nd6 33. Be6 g6 34. h4 gxf5 35. Bb3 b5 36. Bc2 c5 37. b4 c4 38. f3 b6 39. Bd1 Ke6 40. Bc2 Kf6 41. Bd1 Nf7 42. a4 bxa4 43. Bxa4 Ne5 44. Bb5 Ke6 45. h5 Kf6 46. Ba6 Nd3+ 47. Ke3 Nb2 48. Kd4 Kg5 49. Bxc4 Kxh5 50. Be6 Kg5 51. c4 h5 52. c5 bxc5+ 53. bxc5 h4 54. c6 Na4 55. c7 Nb6 56. Kc5 Na4+ 57. Kb4 Nb6 58. Kb5 Nc8 59. Bxc8 h3 60. Bb7 h2 61. f4+ Kxf4 62. c8Q Kg3 63. Qg8+ Kf2 64. Qf7 f4 65. Qxf4+ 1-0

[Event "Titled Tuesday intern op 24th Nov"]
[Site "Chess.com INT"]
[Date "2020.11.24"]
[Round "4"]
[White "Stojcevski, Zoran"]
[Black "Balaji, Aaravamudhan"]
[Result "0-1"]
[WhiteElo "2365"]
[BlackElo "2206"]
[PlyCount "98"]
[EventDate "2020.11.24"]
[EventType "swiss (blitz)"]
[EventRounds "11"]
[EventCountry "USA"]
[SourceTitle "CBM 199 Extra"]
[Source "ChessBase"]
[SourceDate "2021.01.31"]
[SourceVersion "1"]
[SourceVersionDate "2021.01.31"]
[SourceQuality "1"]

1. e4 e5 2. f4 exf4 3. Bc4 Qh4+ 4. Kf1 Nf6 5. Nf3 Qh5 6. Nc3 d6 7. d4 Bg4 8. Bxf4 Nc6 9. Be3 Be7 10. h3 Bxf3 11. Qxf3 Qxf3+ 12. gxf3 Nh5 13. Rg1 Rc8 14. Nd5 Bd8 15. c3 0-0 16. Bg5 Bxg5 17. Rxg5 g6 18. Kf2 h6 19. Rg4 Kh8 20. b4 a6 21. a4 Nd8 22. Ne7 Rb8 23. Rag1 Nf6 24. Nxg6+ fxg6 25. Rxg6 Nc6 26. Rxh6+ Nh7 27. Bd3 Rf6 28. Rh4 Rbf8 29. Rg3 R6f7 30. Rh5 Rg7 31. e5 Rff7 32. e6 Re7 33. Rxg7 Rxg7 34. f4 Ne7 35. f5 Kg8 36. Kf3 Nf6 37. Rh4 Ned5 38. c4 Ne7 39. d5 Rh7 40. Rxh7 Kxh7 41. Kf4 Kh6 42. h4 Kh5 43. c5 Kxh4 44. cxd6 cxd6 45. b5 a5 46. b6 Nexd5+ 47. Kf3 Kg5 48. Be4 Ne7 49. Bxb7 Kxf5 0-1

[Event "FRM-chT"]
[Site "Ohrid"]
[Date "2019.07.22"]
[Round "1.4"]
[White "Jovic, Stanoje"]
[Black "Stojcevski, Zoran"]
[Result "0-1"]
[WhiteElo "2242"]
[BlackElo "2377"]
[PlyCount "60"]
[EventDate "2019.07.22"]
[EventType "team-tourn"]
[EventRounds "7"]
[EventCountry "MKD"]
[SourceTitle "EXT 2020"]
[Source "ChessBase"]
[SourceDate "2019.10.17"]
[SourceVersion "1"]
[SourceVersionDate "2019.10.17"]
[SourceQuality "1"]
[WhiteTeam "Gostivar"]
[BlackTeam "Skopje Gambit Asseko"]
[WhiteTeamCountry "MKD"]
[BlackTeamCountry "MKD"]

1. c4 e5 2. g3 f5 3. Bg2 Nf6 4. e3 d6 5. Ne2 Be7 6. Nbc3 0-0 7. 0-0 c6 8. d4 Qe8 9. c5 e4 10. cxd6 Bxd6 11. f3 exf3 12. Bxf3 Na6 13. Nf4 Bxf4 14. exf4 Be6 15. d5 cxd5 16. Nxd5 Nxd5 17. Bxd5 Rd8 18. Bxe6+ Qxe6 19. Qb3 Qxb3 20. axb3 Rd3 21. b4 Rc8 22. Ra3 Nxb4 23. Rxa7 Nc2 24. Kg2 Rc7 25. Ra5 Nd4 26. Ra3 Nb3 27. Re1 Nxc1 28. Ra8+ Kf7 29. Re5 g6 30. Rh8 Kg7 0-1

[Event "EU-Cup 34th"]
[Site "Porto Carras"]
[Date "2018.10.18"]
[Round "7.4"]
[White "Stojcevski, Zoran"]
[Black "Willow, Jonah B"]
[Result "1-0"]
[WhiteElo "2348"]
[BlackElo "2271"]
[PlyCount "95"]
[EventDate "2018.10.12"]
[EventType "team-swiss"]
[EventRounds "7"]
[EventCountry "GRE"]
[SourceTitle "CBM 187"]
[Source "ChessBase"]
[SourceDate "2018.12.11"]
[SourceVersion "1"]
[SourceVersionDate "2018.12.11"]
[SourceQuality "1"]
[WhiteTeam "Gambit Asseco See"]
[BlackTeam "Wood Green"]
[WhiteTeamCountry "MKD"]
[BlackTeamCountry "ENG"]

1. e4 c5 2. Nc3 Nc6 3. f4 g6 4. Nf3 Bg7 5. d3 e6 6. Be2 Nge7 7. 0-0 0-0 8. Qe1 Nd4 9. Bd1 Nec6 10. Ne2 Nxf3+ 11. Rxf3 f5 12. c3 d5 13. e5 g5 14. Ba4 g4 15. Rf1 Ne7 16. Be3 b6 17. Bf2 Ng6 18. b4 cxb4 19. cxb4 Bb7 20. Bb3 Qd7 21. Bd4 Rac8 22. Qd2 h5 23. a4 h4 24. a5 Rf7 25. axb6 axb6 26. Bxb6 h3 27. gxh3 Qc6 28. Bd4 Nh4 29. Qe3 Nf3+ 30. Kh1 Bf8 31. hxg4 fxg4 32. Rxf3 gxf3 33. Qxf3 Bxb4 34. Ba4 Qc7 35. Qg4+ Kf8 36. Qxe6 Ra8 37. Qh6+ Ke7 38. Qh4+ Ke6 39. Qg4+ Ke7 40. Qg5+ Kf8 41. Qh6+ Ke7 42. Rc1 Qxc1+ 43. Nxc1 Rxa4 44. Qg5+ Kd7 45. f5 Kc7 46. Qg6 Re7 47. Qb6+ Kc8 48. Qb5 1-0

[Event "EU-Cup 34th"]
[Site "Porto Carras"]
[Date "2018.10.14"]
[Round "3.4"]
[White "Stojcevski, Zoran"]
[Black "Braun, Christian1"]
[Result "1-0"]
[WhiteElo "2348"]
[BlackElo "2396"]
[PlyCount "102"]
[EventDate "2018.10.12"]
[EventType "team-swiss"]
[EventRounds "7"]
[EventCountry "GRE"]
[SourceTitle "CBM 187"]
[Source "ChessBase"]
[SourceDate "2018.12.11"]
[SourceVersion "1"]
[SourceVersionDate "2018.12.11"]
[SourceQuality "1"]
[WhiteTeam "Gambit Asseco See"]
[BlackTeam "Aachen Aufwaerts"]
[WhiteTeamCountry "MKD"]
[BlackTeamCountry "GER"]

1. e4 e6 2. d4 d5 3. Nc3 Nf6 4. e5 Nfd7 5. f4 c5 6. Nf3 Nc6 7. Be3 a6 8. a3 Be7 9. Bd3 cxd4 10. Nxd4 Nxd4 11. Bxd4 Bc5 12. Bxc5 Nxc5 13. Qd2 Bd7 14. 0-0 Qb6 15. Kh1 Rc8 16. Rab1 Na4 17. Nxa4 Bxa4 18. f5 Bb5 19. fxe6 fxe6 20. Qg5 Rc7 21. Qh5+ Kd8 22. Rf7 Kc8 23. Rbf1 Kb8 24. Rxc7 Qxc7 25. Bxb5 axb5 26. Qe2 Qc4 27. Qxc4 bxc4 28. c3 Rc8 29. h4 Rc7 30. Kg1 Ka7 31. Rf8 Rd7 32. Rf4 Kb6 33. Kf2 Kb5 34. Ke3 Ka4 35. Kd4 Kb3 36. Rf2 h5 37. g3 b6 38. Rf8 Rc7 39. Rb8 Rc6 40. Rd8 b5 41. Rd6 Rc8 42. Rxe6 Rb8 43. Ra6 Kxb2 44. e6 Re8 45. Rb6 Kxa3 46. Kxd5 Kb3 47. Rxb5+ Kxc3 48. Rb7 Kd3 49. e7 c3 50. Rc7 g5 51. hxg5 Rg8 1-0

[Event "FRM-chT"]
[Site "Struga"]
[Date "2018.08.16"]
[Round "6.3"]
[White "Atanasov, K Sande"]
[Black "Stojcevski, Zoran"]
[Result "0-1"]
[WhiteElo "1996"]
[BlackElo "2337"]
[PlyCount "70"]
[EventDate "2018.08.11"]
[EventType "team-tourn"]
[EventRounds "7"]
[EventCountry "MKD"]
[SourceTitle "CBM 186 Extra"]
[Source "ChessBase"]
[SourceDate "2018.08.24"]
[SourceVersion "1"]
[SourceVersionDate "2018.08.24"]
[SourceQuality "1"]
[WhiteTeam "Bitola Noemvri"]
[BlackTeam "Skopje Gambit Asseko"]
[WhiteTeamCountry "MKD"]
[BlackTeamCountry "MKD"]

1. e4 e5 2. Nf3 Nc6 3. Nc3 Nf6 4. Bb5 Bb4 5. d3 d6 6. 0-0 0-0 7. Bg5 Bxc3 8. bxc3 h6 9. Bxc6 hxg5 10. Ba4 Nh7 11. Nd2 g6 12. c4 Kg7 13. c3 Qe7 14. Qc1 Rh8 15. Re1 Nf8 16. Bd1 Ne6 17. Nf1 Nf4 18. Re3 Be6 19. Rb1 b6 20. Rb2 Rh6 21. f3 Rah8 22. g4 f5 23. exf5 gxf5 24. Ng3 Nh3+ 25. Kg2 f4 26. Ne4 fxe3 27. Qxe3 Nf4+ 28. Kg1 Bf7 29. Ng3 Bg6 30. d4 Re8 31. d5 e4 32. Ba4 exf3 33. Qd4+ Kg8 34. Bxe8 Qe1+ 35. Nf1 Nh3+ 0-1

[Event "EU-ch rapid"]
[Site "Katowice"]
[Date "2017.12.16"]
[Round "6"]
[White "Malyovanyi, Yulian"]
[Black "Stojcevski, Zoran"]
[Result "0-1"]
[WhiteElo "1923"]
[BlackElo "2337"]
[PlyCount "92"]
[EventDate "2017.12.16"]
[EventType "swiss (rapid)"]
[EventRounds "11"]
[EventCountry "POL"]
[SourceTitle "CBM 182 Extra"]
[Source "ChessBase"]
[SourceDate "2018.02.23"]
[SourceVersion "1"]
[SourceVersionDate "2018.02.23"]
[SourceQuality "1"]

1. e4 e5 2. Nf3 Nc6 3. d4 exd4 4. Nxd4 Bc5 5. Nxc6 Qf6 6. Qf3 bxc6 7. Nc3 Qxf3 8. gxf3 Ne7 9. Be3 Bxe3 10. fxe3 d6 11. 0-0-0 0-0 12. h4 f5 13. exf5 Nxf5 14. Bc4+ Kh8 15. Rhe1 Nxh4 16. f4 Bg4 17. Be2 Bxe2 18. Rxe2 Rae8 19. Rh1 Nf5 20. Rh3 h6 21. Kd2 d5 22. Kd3 Nd6 23. b3 Ne4 24. Nxe4 Rxe4 25. Rg2 Re6 26. Rhg3 Rf7 27. c3 Rfe7 28. Rc2 c5 29. b4 cxb4 30. cxb4 Re4 31. Rc5 Rxb4 32. Rxd5 Ra4 33. f5 Rxa2 34. Rd4 Ra3+ 35. Ke2 Kh7 36. Rh4 Ra5 37. Rh5 Ree5 38. Rgg5 Ra2+ 39. Kf3 Ra3 40. Rg4 Raxe3+ 41. Kf2 Re2+ 42. Kf3 R5e3+ 43. Kf4 Re4+ 44. Kf3 R2e3+ 45. Kf2 Rxg4 46. Kxe3 Rg5 0-1

[Event "EU-ch blitz"]
[Site "Katowice"]
[Date "2017.12.15"]
[Round "9"]
[White "Nasibullin, Iskander"]
[Black "Stojcevski, Zoran"]
[Result "0-1"]
[WhiteElo "2088"]
[BlackElo "2337"]
[PlyCount "64"]
[EventDate "2017.12.15"]
[EventType "swiss (blitz)"]
[EventRounds "22"]
[EventCountry "POL"]
[SourceTitle "CBM 182 Extra"]
[Source "ChessBase"]
[SourceDate "2018.02.23"]
[SourceVersion "1"]
[SourceVersionDate "2018.02.23"]
[SourceQuality "1"]

1. e4 e5 2. Nf3 Nc6 3. Bb5 Bc5 4. c3 f5 5. d4 fxe4 6. Bxc6 dxc6 7. Nxe5 Bd6 8. Nd2 Bf5 9. Ndc4 Nf6 10. 0-0 Qe7 11. Qb3 Bxe5 12. Nxe5 0-0-0 13. Qa4 a6 14. Be3 Ng4 15. Nxg4 Bxg4 16. b4 Be2 17. Rfe1 Bc4 18. Qd1 Qh4 19. g3 Qh3 20. Bg5 Rd5 21. Qd2 h6 22. Bf4 Rf8 23. Rxe4 Rh5 24. f3 Bd5 25. Re5 Rxe5 26. dxe5 g5 27. e6 gxf4 28. e7 Re8 29. Re1 fxg3 30. hxg3 Qxg3+ 31. Kf1 Qxf3+ 32. Qf2 Qxf2+ 0-1

[Event "EU-ch blitz"]
[Site "Katowice"]
[Date "2017.12.15"]
[Round "14"]
[White "Stojcevski, Zoran"]
[Black "Balazs, Ladislav"]
[Result "1-0"]
[WhiteElo "2337"]
[BlackElo "2110"]
[PlyCount "153"]
[EventDate "2017.12.15"]
[EventType "swiss (blitz)"]
[EventRounds "22"]
[EventCountry "POL"]
[SourceTitle "CBM 182 Extra"]
[Source "ChessBase"]
[SourceDate "2018.02.23"]
[SourceVersion "1"]
[SourceVersionDate "2018.02.23"]
[SourceQuality "1"]

1. e4 c5 2. Nc3 Nc6 3. f4 e6 4. Nf3 d5 5. Bb5 d4 6. Nb1 Bd7 7. 0-0 Nf6 8. d3 Be7 9. Na3 a6 10. Bxc6 Bxc6 11. Nc4 b5 12. Nce5 Bb7 13. a4 0-0 14. Qe1 Qc7 15. b3 c4 16. Bd2 c3 17. Bc1 bxa4 18. Rxa4 Rfd8 19. Kh1 Bc5 20. Qg3 Nd7 21. Ng4 Kh8 22. Ng5 Nf8 23. Qh4 f6 24. Nf3 Ng6 25. Qh5 e5 26. fxe5 fxe5 27. Ngxe5 Nxe5 28. Nxe5 Rf8 29. Ng6+ Kg8 30. Nxf8 Rxf8 31. Rxf8+ Bxf8 32. Rxd4 Qb6 33. Rc4 Qf2 34. Qd1 Bd6 35. Rxc3 Be5 36. Rc5 Qxc5 37. Bd2 Qe7 38. c3 Qh4 39. Qg1 h6 40. b4 Qh5 41. Be3 Bxc3 42. Bc5 Be5 43. h3 Bf4 44. Qf2 Qg5 45. Qf3 Qg3 46. Qxg3 Bxg3 47. Kg1 Kf7 48. Kf1 Ke6 49. Ke2 Bf4 50. Kf3 g5 51. g3 Bd2 52. h4 Kf7 53. h5 Bc8 54. g4 Ke6 55. Bf8 Kf6 56. d4 Bd7 57. d5 Bb5 58. Bxh6 Bxb4 59. e5+ Kxe5 60. Bxg5 Kxd5 61. Bf6 Ke6 62. Bb2 a5 63. h6 Bc6+ 64. Ke3 a4 65. h7 Bc5+ 66. Kd2 Bb4+ 67. Kc1 a3 68. h8Q axb2+ 69. Kxb2 Bd6 70. Qh6+ Kd5 71. g5 Be5+ 72. Kb3 Bb5 73. g6 Bc4+ 74. Ka4 Kc5 75. Qg5 Kd4 76. g7 Bg8 77. Qd8+ 1-0

[Event "EU-ch blitz"]
[Site "Katowice"]
[Date "2017.12.15"]
[Round "12"]
[White "Zelcic, Robert"]
[Black "Stojcevski, Zoran"]
[Result "1-0"]
[WhiteElo "2501"]
[BlackElo "2337"]
[PlyCount "87"]
[EventDate "2017.12.15"]
[EventType "swiss (blitz)"]
[EventRounds "22"]
[EventCountry "POL"]
[SourceTitle "CBM 182 Extra"]
[Source "ChessBase"]
[SourceDate "2018.02.23"]
[SourceVersion "1"]
[SourceVersionDate "2018.02.23"]
[SourceQuality "1"]

1. e4 e5 2. Nf3 Nc6 3. Bc4 Bc5 4. 0-0 Qf6 5. c3 Nge7 6. d3 h6 7. Be3 Bb6 8. Nbd2 d6 9. a4 g5 10. b4 a5 11. Bxb6 cxb6 12. Bb5 Ng6 13. Nc4 Bg4 14. h3 Bxf3 15. Qxf3 Qxf3 16. gxf3 Rd8 17. bxa5 bxa5 18. Nxa5 0-0 19. Nxb7 Rc8 20. Nxd6 Rc7 21. Nc4 Nf4 22. Ne3 Ne7 23. Bc4 Nxh3+ 24. Kh2 Nf4 25. a5 Ne2 26. Ra3 Rb8 27. a6 Ra7 28. Nd5 Nxd5 29. Bxd5 Rb6 30. Bb7 Kg7 31. Re1 Nf4 32. Rd1 h5 33. c4 Ne6 34. Ra5 f6 35. Rb5 Rd6 36. c5 Rd4 37. c6 Nc7 38. Rc5 h4 39. Rc4 Rd6 40. d4 exd4 41. Rcxd4 Rxd4 42. Rxd4 Nb5 43. c7 Nxc7 44. Rd7+ 1-0

[Event "EU-Cup 32nd"]
[Site "Novi Sad"]
[Date "2016.11.11"]
[Round "6.3"]
[White "Polzin, Rainer"]
[Black "Stojcevski, Zoran"]
[Result "1-0"]
[WhiteElo "2413"]
[BlackElo "2316"]
[PlyCount "69"]
[EventDate "2016.11.06"]
[EventType "team-swiss"]
[EventRounds "7"]
[EventCountry "SRB"]
[SourceTitle "CBM 176"]
[Source "ChessBase"]
[SourceDate "2017.01.17"]
[SourceVersion "1"]
[SourceVersionDate "2017.01.17"]
[SourceQuality "1"]
[WhiteTeam "Berlin SF"]
[BlackTeam "Gambit Asseco See"]
[WhiteTeamCountry "GER"]
[BlackTeamCountry "MKD"]

1. e4 e5 2. Nf3 Nc6 3. Bb5 Bc5 4. c3 Qf6 5. d4 exd4 6. e5 Qg6 7. cxd4 Bb4+ 8. Nc3 d5 9. 0-0 Bxc3 10. bxc3 Bg4 11. Bd3 Qe6 12. h3 Bxf3 13. Qxf3 Nge7 14. Qg3 0-0-0 15. Qxg7 Nf5 16. Qf6 Qxf6 17. exf6 Nd6 18. Bh6 Ne4 19. Bxe4 dxe4 20. Rae1 Rhe8 21. Re3 Rd6 22. Bg7 Na5 23. Rfe1 Rde6 24. f4 Nc4 25. f5 Rc6 26. Rxe4 Rxe4 27. Rxe4 Nd6 28. Re5 Rxc3 29. Bf8 Kd7 30. Bxd6 Kxd6 31. Re7 h5 32. Rxf7 Rc6 33. Rf8 Kd7 34. g4 hxg4 35. hxg4 1-0

[Event "EU-Cup 32nd"]
[Site "Novi Sad"]
[Date "2016.11.08"]
[Round "3.4"]
[White "Stojcevski, Zoran"]
[Black "Bagi, Mate"]
[Result "1/2-1/2"]
[WhiteElo "2316"]
[BlackElo "2449"]
[PlyCount "72"]
[EventDate "2016.11.06"]
[EventType "team-swiss"]
[EventRounds "7"]
[EventCountry "SRB"]
[SourceTitle "CBM 176"]
[Source "ChessBase"]
[SourceDate "2017.01.17"]
[SourceVersion "1"]
[SourceVersionDate "2017.01.17"]
[SourceQuality "1"]
[WhiteTeam "Gambit Asseco See"]
[BlackTeam "Dunajska Streda"]
[WhiteTeamCountry "MKD"]
[BlackTeamCountry "SVK"]

1. e4 e5 2. Bc4 Nf6 3. d3 Nc6 4. Nc3 Na5 5. Qf3 Bb4 6. Nge2 Nxc4 7. dxc4 0-0 8. Bg5 Be7 9. Ng3 d6 10. 0-0 Bg4 11. Qd3 Nd7 12. Bxe7 Qxe7 13. Nd5 Qd8 14. b4 Be6 15. Rad1 a5 16. a3 g6 17. Qc3 Bxd5 18. Rxd5 axb4 19. axb4 b6 20. Rdd1 Qe7 21. Ra1 Nf6 22. f3 h5 23. Qd2 Qe6 24. c5 bxc5 25. bxc5 dxc5 26. Qc3 c4 27. Rxa8 Rxa8 28. Rd1 Nd7 29. Nf1 Nb6 30. Ne3 Qe7 31. Nd5 Qc5+ 32. Kf1 Nd7 33. Nb4 Nb6 34. Nd5 Nd7 35. Nb4 Nf6 36. Nd5 Nd7 1/2-1/2

[Event "EU-Cup 32nd"]
[Site "Novi Sad"]
[Date "2016.11.07"]
[Round "2.4"]
[White "Brunner, Nicolas"]
[Black "Stojcevski, Zoran"]
[Result "1/2-1/2"]
[WhiteElo "2469"]
[BlackElo "2316"]
[PlyCount "68"]
[EventDate "2016.11.06"]
[EventType "team-swiss"]
[EventRounds "7"]
[EventCountry "SRB"]
[SourceTitle "CBM 176"]
[Source "ChessBase"]
[SourceDate "2017.01.17"]
[SourceVersion "1"]
[SourceVersionDate "2017.01.17"]
[SourceQuality "1"]
[WhiteTeam "Riehen"]
[BlackTeam "Gambit Asseco See"]
[WhiteTeamCountry "SUI"]
[BlackTeamCountry "MKD"]

1. d4 Nf6 2. c4 e6 3. Nf3 b6 4. Nc3 Bb4 5. e3 0-0 6. Bd3 d6 7. 0-0 Bxc3 8. bxc3 Nbd7 9. e4 e5 10. Re1 Re8 11. Nd2 Nf8 12. g3 Ng6 13. f3 c5 14. d5 h6 15. Nf1 Nh7 16. Ne3 Rf8 17. Nf5 Ne7 18. Qc2 Ng5 19. Rf1 f6 20. Bd2 Nf7 21. f4 Nxf5 22. exf5 Bd7 23. Kh1 Qc7 24. Rae1 Rae8 25. h4 Qb7 26. Kh2 Qc7 27. Rg1 Bc8 28. Bc1 Re7 29. Qg2 Qd8 30. Re3 Qc7 31. Rge1 Rfe8 32. Qe2 Kf8 33. Qg2 Kg8 34. Qe2 Kf8 1/2-1/2

[Event "FRM-chT 25th"]
[Site "Ohrid"]
[Date "2016.08.08"]
[Round "1.1"]
[White "Kryvoruchko, Yuriy"]
[Black "Stojcevski, Zoran"]
[Result "1-0"]
[WhiteElo "2691"]
[BlackElo "2338"]
[PlyCount "63"]
[EventDate "2016.08.08"]
[EventType "team-tourn"]
[EventRounds "5"]
[EventCountry "MKD"]
[SourceTitle "CBM 173 Extra"]
[Source "ChessBase"]
[SourceDate "2016.08.29"]
[SourceVersion "1"]
[SourceVersionDate "2016.08.29"]
[SourceQuality "1"]
[WhiteTeam "Skopje Alkaloid"]
[BlackTeam "Skopje Gambit Asseko"]
[WhiteTeamCountry "MKD"]
[BlackTeamCountry "MKD"]

1. e4 e5 2. Nf3 Nc6 3. Bb5 f5 4. d3 fxe4 5. dxe4 Nf6 6. 0-0 Bc5 7. Bxc6 bxc6 8. Nxe5 0-0 9. Nc3 d6 10. Nd3 Bd4 11. Qe1 Qe8 12. Be3 Bxc3 13. Qxc3 Qxe4 14. Rae1 Bd7 15. Bd4 Qf5 16. Re7 c5 17. Bxf6 Rxf6 18. Rfe1 Raf8 19. R1e3 Rg6 20. Rg3 Rf7 21. Qb3 Rxg3 22. hxg3 h5 23. Qb8+ Kh7 24. Rxf7 Qxf7 25. Qxc7 Qe7 26. Qxa7 g5 27. Qc7 Qe6 28. b3 Kh6 29. a4 Be8 30. a5 Qd5 31. Qe7 Bg6 32. a6 1-0

[Event "Skopje Alkaloid rap op"]
[Site "Skopje"]
[Date "2015.12.06"]
[Round "9"]
[White "Miljkovic, Miroslav D"]
[Black "Stojcevski, Zoran"]
[Result "1-0"]
[WhiteElo "2494"]
[BlackElo "2338"]
[PlyCount "93"]
[EventDate "2015.12.06"]
[EventType "swiss (rapid)"]
[EventRounds "9"]
[EventCountry "MKD"]
[SourceTitle "CBM 169 Extra"]
[Source "ChessBase"]
[SourceDate "2015.12.18"]
[SourceVersion "1"]
[SourceVersionDate "2015.12.18"]
[SourceQuality "1"]

1. d4 Nf6 2. c4 e6 3. Nc3 Bb4 4. Qc2 Nc6 5. Nf3 d6 6. Bd2 0-0 7. a3 Bxc3 8. Bxc3 Qe7 9. e4 e5 10. d5 Nd4 11. Nxd4 exd4 12. Bxd4 Qxe4+ 13. Qxe4 Nxe4 14. Bd3 Nc5 15. Bxc5 dxc5 16. Kd2 Bd7 17. Rhe1 Rfe8 18. Rxe8+ Rxe8 19. b4 cxb4 20. axb4 a6 21. Kc3 Kf8 22. Kd4 h6 23. c5 Rd8 24. Be4 Bc6 25. Kc4 Bb5+ 26. Kc3 b6 27. Kd4 bxc5+ 28. bxc5 Ke7 29. Ra3 g6 30. f4 f5 31. Bf3 Kf6 32. Re3 Bd7 33. c6 Bc8 34. Kc5 g5 35. g3 g4 36. Be2 h5 37. Ra3 Re8 38. Bxa6 Bxa6 39. Rxa6 Re2 40. Ra7 Rc2+ 41. Kd4 Rd2+ 42. Kc4 Rc2+ 43. Kd3 Rxh2 44. d6 h4 45. d7 hxg3 46. d8Q+ Kg6 47. Qg8+ 1-0

[Event "Skopje Mitrov Tikata Memorial"]
[Site "Skopje"]
[Date "2015.11.08"]
[Round "4"]
[White "Stojcevski, Zoran"]
[Black "Milanovic, Danilo"]
[Result "1/2-1/2"]
[WhiteElo "2338"]
[BlackElo "2466"]
[PlyCount "111"]
[EventDate "2015.11.08"]
[EventType "swiss (rapid)"]
[EventRounds "9"]
[EventCountry "MKD"]
[SourceTitle "CBM 169 Extra"]
[Source "ChessBase"]
[SourceDate "2015.12.18"]
[SourceVersion "1"]
[SourceVersionDate "2015.12.18"]
[SourceQuality "1"]

1. e4 d5 2. exd5 Qxd5 3. Nc3 Qd8 4. Bc4 Nf6 5. Nf3 a6 6. 0-0 b5 7. Bb3 Bb7 8. Re1 c5 9. d3 e6 10. Bf4 Be7 11. a4 b4 12. Ne4 0-0 13. Qe2 Nd5 14. Bg5 Nd7 15. Bxe7 Qxe7 16. Ng3 Qf6 17. Bxd5 Bxd5 18. Ne5 Nxe5 19. Qxe5 Qxe5 20. Rxe5 c4 21. dxc4 Bxc4 22. Re4 Rfc8 23. Rd1 a5 24. Rd2 Bd5 25. Red4 Kf8 26. Nf1 Bc6 27. b3 Ke7 28. Ne3 Ra6 29. f4 Rc7 30. Kf2 Be8 31. g3 f6 32. Nc4 h6 33. h4 Bg6 34. Ke3 Rac6 35. g4 h5 36. gxh5 Bxh5 37. Rg2 g6 38. Nxa5 Rc3+ 39. Rd3 Rxc2 40. Rxc2 Rxc2 41. Rd4 Rc5 42. Nb7 Rc3+ 43. Rd3 Bd1 44. a5 Bxb3 45. Rxc3 bxc3 46. Nc5 Bc4 47. a6 Bd5 48. Kd3 Kd6 49. Na4 Bc4+ 50. Kxc3 Bxa6 51. Kd4 e5+ 52. fxe5+ fxe5+ 53. Ke3 Ke6 54. Nc5+ Kf5 55. Nxa6 Kg4 56. Nc5 1/2-1/2

[Event "FRM-chT 24th"]
[Site "Struga"]
[Date "2015.07.21"]
[Round "2"]
[White "Gjorgjieski, Dejan"]
[Black "Stojcevski, Zoran"]
[Result "1/2-1/2"]
[WhiteElo "2154"]
[BlackElo "2330"]
[PlyCount "126"]
[EventDate "2015.07.20"]
[EventType "team-tourn"]
[EventRounds "7"]
[EventCountry "MKD"]
[SourceTitle "CBM 167 Extra"]
[Source "ChessBase"]
[SourceDate "2015.09.14"]
[SourceVersion "1"]
[SourceVersionDate "2015.09.14"]
[SourceQuality "1"]
[WhiteTeam "Prilep"]
[BlackTeam "Skopje Gambit Asseko"]
[WhiteTeamCountry "MKD"]
[BlackTeamCountry "MKD"]

1. Nf3 d5 2. b3 Nc6 3. Bb2 Bg4 4. e3 f6 5. h3 Bh5 6. d4 e6 7. a3 f5 8. Be2 Bxf3 9. Bxf3 Nf6 10. c4 Ne7 11. Nc3 c6 12. Bh5+ Nxh5 13. Qxh5+ g6 14. Qe2 Bg7 15. 0-0-0 Ng8 16. Kb1 Nf6 17. f3 0-0 18. g4 Qd6 19. Rhg1 Rf7 20. h4 fxg4 21. fxg4 Raf8 22. Rg2 b5 23. c5 Qd8 24. h5 Ne4 25. Nxe4 dxe4 26. hxg6 hxg6 27. g5 Qd5 28. Kc2 Rf3 29. Rh1 a5 30. Bc3 a4 31. Rb1 axb3+ 32. Rxb3 R8f5 33. a4 bxa4 34. Ra3 Rxg5 35. Rxa4 Rxe3 36. Ra8+ Bf8 37. Qd2 Rxg2 38. Qxg2 Qh5 39. Bd2 Rf3 40. Qg1 e3 41. Bxe3 Qf5+ 42. Kd2 Rf1 43. Qg5 Qb1 44. Qg4 Qb2+ 45. Kd3 Qb3+ 46. Kd2 Kf7 47. Qh3 Qb2+ 48. Kd3 Qb3+ 49. Kd2 Rd1+ 50. Ke2 Qd3+ 51. Kf2 Rd2+ 52. Kg1 Rd1+ 53. Kf2 Qf5+ 54. Qxf5+ exf5 55. Rc8 Be7 56. Rxc6 g5 57. Ke2 Ra1 58. d5 Ra2+ 59. Kd3 Ra3+ 60. Ke2 Ra2+ 61. Kd3 Ra3+ 62. Ke2 Ra2+ 63. Kd3 Ra3+ 1/2-1/2